| 000 | 02563cam a22003975i 4500 | ||
|---|---|---|---|
| 001 | data | ||
| 005 | 20260322212121.0 | ||
| 008 | data | ||
| 035 | _a19835144 | ||
| 906 |
_a7 _bcbc _ccopycat _d2 _encip _f20 _gy-gencatlg |
||
| 925 | 0 |
_aacquire _b1 shelf copy _xpolicy default |
|
| 010 | _a 2017950175 | ||
| 020 |
_a9780848753139 _q(hardcover) |
||
| 020 |
_a0848753135 _q(hardcover) |
||
| 035 | _a(OCoLC)953707715 | ||
| 040 |
_aBTCTA _beng _cBTCTA _erda _dDLC _dIEB _dGP5 _dOCLCF _dTXDRI _dCLE _dOCLCQ _dZNW _dYDX _dIGA _dOCLCQ _dTXGPM _dIMD _dDLC |
||
| 042 | _alccopycat | ||
| 043 | _an-usu-- | ||
| 050 | 0 | 0 |
_aSB450.943.U6 _bB46 2017 |
| 082 | 0 | 4 |
_a635 _223 |
| 100 | 1 |
_aBender, Steve, _eauthor. |
|
| 245 | 1 | 4 |
_aThe grumpy gardener : _ban A to Z guide from the galaxy's most irritable green thumb / _cSteve Bender. |
| 250 | _aFirst edition. | ||
| 264 | 1 |
_aNew York, NY : _bOxmoor House, _c2017. |
|
| 300 |
_a255 pages : _billustrations ; _c24 cm |
||
| 336 |
_atext _btxt _2rdacontent |
||
| 337 |
_aunmediated _bn _2rdamedia |
||
| 338 |
_avolume _bnc _2rdacarrier |
||
| 500 | _aIncludes index. | ||
| 520 |
_aGardeners from across the country have turned to Southern Living Senior Garden Editor Steven Bender - known affectionately as "The Grumpy Gardener"--For his keen knowledge and gardening know-how with equal doses sarcasm and sidesplitting humor for nearly 35 years. Finally, the collected wit and wisdom of the magazine's most irreverent and beloved columnist can be found in a single A - Z volume, providing gardeners from coast-to-coast with his valuable tips for planting, troubleshooting, and growing flowers, vegetables, shrubs, trees and more, all delivered in his signature cantankerous style. Sidebars throughout the book - "Ask Grumpy"--help readers tackle common garden problems ("How do I get ride of little house ants?"), and readers from the past 35 years take part in the book when Grumpy shares his favorite reader's responses to some of his advice, his favorite rules for gardening, and Q & A's covering your favorite plants and flowers are all inside. Additionally, beautiful line-drawings and illustrations throughout make the book as beautiful to look at as well as entertaining to read. The Grumpy Gardener is sure to become the most trusted tool in your gardening shed!-- _cSource other than the Library of Congress. |
||
| 650 | 0 | _aGardening. | |
| 650 | 4 | _aGardening. | |
| 650 | 7 |
_aGARDENING _xContainer. _2bisacsh |
|
| 650 | 7 |
_aGardening. _2fast _0(OCoLC)fst00937852 |
|
| 999 |
_c1857 _d1857 |
||